000 00602nam a2200229Ia 4500
003 OSt
005 20221005091731.0
006 a|||||r|||| 00| 0
007 ta
008 221004b |||||||| |||| 00| 0 eng d
024 _a33072
037 _cTextual
040 _aCRL
_cCRL
_beng
041 _2eng
_aeng
082 _aO,3M85w, M5
100 _aSagar Keith
_912401
245 0 _aD.H. lawrence
_b Life into art
260 _aNew York
_bPenguin Books Ltd. USA
_c1985
300 _axi,372p.
_ccm.
942 _hO,3M85w, M5
_cTEXL
_2cc
999 _c997715
_d997715